Gaming Quiz

Random Gaming Quiz

Ark Survival Evolved Scorched Earth Exclusive Creatures Quiz Stats

 Plays Quiz not verified by Sporcle

Support Sporcle.
Go Orange.
Score 0/18 Timer 20:00
0 Plays Today
Answer % Correct
Fire Wyvern
92.6%
Lightning Wyvern
92.6%
Poison Wyvern
92.6%
Mantis
88.9%
Rock Elemental
85.2%
Jerboa
81.5%
Lymantria
74.1%
Manticore
74.1%
Oil Jug Bug
74.1%
Answer % Correct
Water Jug Bug
74.1%
Morellatops
70.4%
Deathworm
66.7%
Phoenix
66.7%
Thorny Dragon
63%
Rubble Golem
59.3%
Alpha Deathworm
51.9%
Alpha Fire Wyvern
51.9%
Vulture
51.9%

You're not logged in!

Compare scores with friends on all Sporcle quizzes.
OR
Log In

From the Vault

3 Hits, 1 Click: 1970s

by MSUKent

Most quizzes give you one hint, but this gives you three. Scoring 100% is a must!
Remove Ads.
Support Sporcle.
Get the best of Sporcle when you Go Orange. This ad-free experience offers more features, more stats, and more fun while also helping to support Sporcle. Thank you for becoming a member.

Show Comments

Extras

Created Feb 25, 2020ReportNominate
Tags:creature, earth, Evolved, Survival

Top Quizzes Today


Score Distribution

Your Account Isn't Verified!

In order to create a playlist on Sporcle, you need to verify the email address you used during registration. Go to your Sporcle Settings to finish the process.

Report this User

Report this user for behavior that violates our Community Guidelines.

Details: